LIBRARY & INFORMATION CENTRE, KCAET, TAVANUR

ONLINE PUBLIC ACCESS CATALOGUE (OPAC)

Economic analysis / (Record no. 3297)

MARC details
000 -LEADER
fixed length control field 00396cam a2200157ua 4500
041 ## - LANGUAGE CODE
Language code of text/sound track or separate title eng
082 ## - DEWEY DECIMAL CLASSIFICATION NUMBER
Classification number 330.1
Item number BOU/EC
100 ## - MAIN ENTRY--AUTHOR NAME
Personal name Boulding, Kenneth E.
245 ## - TITLE STATEMENT
Title Economic analysis /
250 ## - EDITION STATEMENT
Edition statement 3 /
260 ## - PUBLICATION, DISTRIBUTION, ETC. (IMPRINT)
Place of publication New York :
Name of publisher Harper and Row Publishers ,
Year of publication 1955.
300 ## - PHYSICAL DESCRIPTION
Number of Pages 905 ; .
942 ## - ADDED ENTRY ELEMENTS (KOHA)
Koha item type Books
Holdings
Withdrawn status Lost status Damaged status Home library Current library Date acquired Full call number Accession Number Koha item type Public note
Withdrawn     KAUAET Sanskrit University 07/04/2012 330.1 8024 Books Transferred to Sanskrit University
free website counter